00867 2200217 4500001002100000005001700021008004100038035002500079082000800104090001800112100002800130245022000158260007000378300004100448500006000489500002800549650002700577850001200604990001800616999001500634YOGYA-0209000007205520150430113200.0 ind  a0010-020900000072055 a640 aSK 640bMur P aMURNIATI, Hardani Setya aPeranan kegiatan pembinaan kesejahteraan keluarga (PKK) dalam meningkatkan ketrampilan wanita di desa Ngestiharjo, Kecamatan Kasihan, Kabupaten Bantul Propinsi daerah Istimewa Yogyakartacoleh Hardani Setya Murniati aYogyakartabSekolah Tinggi Pembangunan Masyarakat Desa APMDc1993 aix, 54, 13 lembar :bilus. ;c28 cm. aSkripsi Sekolah Tinggi Pembangunan Masyarakat Desa APMD aBibliografi : lembar 55 aKesejahteraan Keluarga aYOPDYOG a35939-PD/A.08 a08A0035939